Culture Générale - Série 1098 - Statistiques

Statistiques générales
  • Ce quiz a été pris 97 fois
  • Le résultat moyen est 6 sur 10
Statistiques - réponses
Question Réponse % Correct
Comment appelle-t-on la partie mobile qui protège l'oeil et qu'on ferme pour dormir ? paupière
96%
Pour quel pays l'équipe de rugby des "Wallabies" dispute-t-elle des matches ? Australie
88%
Quelle est la monnaie en vigueur à Malte ? euro
85%
Quel édifice parisien est le siège de l'Assemblée nationale ? Palais-Bourbon
63%
D'après la mythologie grecque, quel jeune homme a tué le Minotaure ? Thésée
55%
En 1891, quel peintre assiste aux obsèques du dernier roi de Tahiti, Pomaré V, à son arrivée dans l'île ? Paul Gauguin
54%
Dans quel pays se trouvent les provinces de Frise, de Gueldre et de Groningue ? Pays-Bas
48%
Quel étoffe de soie, lisse et brillante, tire son nom de la ville chinoise de Zaitun ? satin
27%
En 1984, quel réalisateur, né en ex-Tchécoslovaquie, signe un film sur Mozart intitulé : "Amadeus" ? Milos Forman
26%
Dans quel film de 1996, George Clooney et Quentin Tarantino affrontaient-ils des vampires dans un bar de motards mexicain ? Une nuit en enfer
15%
Aucun quiz correspondant
Distribution des résultats
% des personnes avec chaque résultat
Percentile par nombre de réponses
Votre historique - résultats
Vous n’avez pas pris ce quiz